| 000 | 01604cam a2200433 i 4500 | ||
|---|---|---|---|
| 999 |
_c200446726 _d64938 |
||
| 001 | 200446726 | ||
| 003 | TR-AnTOB | ||
| 005 | 20230314103046.0 | ||
| 007 | ta | ||
| 008 | 990311s1998 dcua b 000 0 eng d | ||
| 010 | _a 99182716 | ||
| 020 | _a1557757801 | ||
| 035 | _a(OCoLC)40803547 | ||
| 035 | _a(TR-AnTOB)200446726 | ||
| 040 |
_aDBI _beng _erda _cDBI _dDLC _dTR-AnTOB |
||
| 041 | 0 | _aeng | |
| 042 | _alccopycat | ||
| 043 | _ae-ur--- | ||
| 050 | 0 | 0 |
_aHC336.27 _b.V35 1998 |
| 090 |
_aHC336.27 _b.V35 1998 |
||
| 100 | 1 |
_aValdivieso, Luis _eauthor _9135217 |
|
| 245 | 1 | 0 |
_aMacroeconomic developments in the Baltics, Russia, and other countries of the former Soviet Union, 1992-97 / _cLuis M. Valdivieso. |
| 264 | 1 |
_aWashington, D.C. : _bInternational Monetary Fund, _c1998. |
|
| 300 |
_a30 pages : _billustrations ; _c28 cm |
||
| 336 |
_atext _btxt _2rdacontent |
||
| 337 |
_aunmediated _bn _2rdamedia |
||
| 338 |
_avolume _bnc _2rdacarrier |
||
| 490 | 0 |
_aOccasional paper, _x0251-6365 ; _v175 |
|
| 500 | _aOn front cover: "Issues in transition." | ||
| 504 | _aBIB | ||
| 650 | 0 |
_aEconomic stabilization _zFormer Soviet republics _9135205 |
|
| 651 | 0 |
_aFormer Soviet republics _xEconomic conditions _9107998 |
|
| 651 | 0 |
_aFormer Soviet republics _xEconomic policy _960524 |
|
| 710 | 2 |
_aInternational Monetary Fund _979373 |
|
| 856 | 4 | 1 |
_3IMF eLibrary (Open Access) _zOnline access link to the resource _uhttps://www.elibrary.imf.org/view/books/084/04377-9781557757807-en/04377-9781557757807-en-book.xml |
| 942 |
_2lcc _cBK |
||